Band or The Band? #5 - Statistics

General Stats
  • This quiz has been taken 457 times
  • The average score is 13 of 20
Answer Stats
Hint Answer % Correct
OutKast The
88%
Drifters The
87%
Motörhead The
87%
Blondie The
86%
Fall The
81%
Turtles The
80%
Four Tops The
75%
Allman Brothers Band The
73%
New Order The
73%
Red Hot Chili Peppers The
67%
Flaming Lips The
63%
Hole The
63%
Aphex Twin The
63%
Deftones The
61%
Wrecking Crew The
57%
Human League The
53%
Scorpions The
49%
Small Faces The
48%
Backstreet Boys The
45%
Jesus and Mary Chain The
42%
No matching quizzes found
Score Distribution
Percent of People with Each Score
Percentile by Number Answered
Your Score History
You have not taken this quiz